000 00517nam a2200181Ia 4500
008 090123s9999 xx 000 0 und d
082 _b39392
_a891.463/नाईक
100 _aनाईक मनोहर
245 _aमाधवायन
250 _a1
260 _bअनघा प्रकाशन
_c2006
300 _a176
600 _aनाईक मनोहर
630 _aमाधवायन
700 _aनाईक मनोहर
730 _aमाधवायन
942 _cBOOK
999 _c77460
_d77460